| 000 | 00566nam a2200217Ia 4500 | ||
|---|---|---|---|
| 003 | GCL | ||
| 008 | 140319s9999 xx 000 0 ara d | ||
| 040 |
_aGCL / _cGCL |
||
| 082 | 0 | 4 |
_aد _b050 _bح و |
| 100 | 1 | _aحزب الوفد | |
| 245 | 1 | 0 |
_aالوفد / _cحزب الوفد |
| 260 |
_a[S.N] : _bحزب الوفد |
||
| 300 | _a14 | ||
| 490 |
_aسلسلة بريزم للموسيقى (1) _v0 |
||
| 650 | 0 | 4 | _aالاقتصاد |
| 650 | 0 | 4 | _aالادب |
| 650 | 0 | 4 | _aالسياسة |
| 650 | 0 | 4 | _aالرياضة |
| 650 | 0 | 4 | _aالفنون |
| 942 |
_2ddc _cCF |
||
| 999 |
_c26967 _d26967 |
||